[Event "Icelandic Open 2019"]
[Site "Akureyri"]
[Date "2019.05.28"]
[Round "5.10"]
[White "Pinto, Mark"]
[Black "Ruelland, Geoffrey"]
[Result "0-1"]
[WhiteElo "2082"]
[BlackElo "1955"]
[Annotator "NA"]
[PlyCount "96"]
[EventDate "2019.05.25"]
[EventType "swiss"]
[EventCountry "ISL"]
[SourceTitle "playchess.com"]
[Source "ChessBase"]
[SourceQuality "1"]
[TimeControl "40/5400+30:1800+30"]

1. d4 {[%emt 0:00:00]} Nf6 {[%emt 0:00:00]} 2. Bf4 {[%emt 0:00:00]} g6 {[%emt 0:00:16]} 3. Nc3 {[%emt 0:00:00]} d5 {[%emt 0:00:57]} 4. e3 {[%emt 0:00:00]} Bg7 {[%emt 0:02:06]} 5. Nb5 {[%emt 0:01:50]} Na6 {[%emt 0:00:37]} 6. a4 {[%emt 0:00:15]} O-O {[%emt 0:03:12]} 7. h4 {[%emt 0:01:31]} c6 {[%emt 0:04:50]} 8. Nc3 {[%emt 0:00:03]} c5 {[%emt 0:00:19]} 9. Bxa6 {[%emt 0:03:20]} bxa6 {[%emt 0:00:16]} 10. a5 {[%emt 0:00:17]} Bf5 {[%emt 0:07:01]} 11. Nf3 {[%emt 0:00:43]} Rc8 {[%emt 0:11:55]} 12. Ne2 {[%emt 0:02:00]} Ne4 {[%emt 0:03:41]} 13. c3 {[%emt 0:00:17]} h5 {[%emt 0:10:25]} 14. Ne5 {[%emt 0:01:10]} f6 {[%emt 0:06:41]} 15. Nd3 {[%emt 0:00:05]} c4 {[%emt 0:00:53]} 16. Nb4 {[%emt 0:00:10]} e5 {[%emt 0:01:51]} 17. Bh2 {[%emt 0:00:22]} Be6 {[%emt 0:08:56]} 18. f3 {[%emt 0:12:01]} Nd6 {[%emt 0:00:15]} 19. Bg1 {[%emt 0:01:31]} Nf5 {[%emt 0:08:00]} 20. Bf2 {[%emt 0:01:12]} Qd6 {[%emt 0:09:20]} 21. e4 {[%emt 0:03:49]} dxe4 {[%emt 0:01:43]} 22. fxe4 {[%emt 0:00:02]} Nh6 {[%emt 0:01:16]} 23. d5 {[%emt 0:00:07]} (23. dxe5 $11 {remains equal.} Qxe5 24. Qd4) 23... Bd7 {[%emt 0:00:54]} 24. O-O {[%emt 0:00:30]} Ng4 {[%emt 0:00:39]} 25. Bxa7 {[%emt 0:01:58]} Bh6 {[%emt 0:00:45]} 26. Rf3 {[%emt 0:01:17]} f5 {[%emt 0:01:42]} 27. Ng3 {[%emt 0:00:05]} Qe7 {[%emt 0:01:57]} 28. exf5 {[%emt 0:03:14]} Qxh4 {[%emt 0:01:41]} 29. d6 $2 {[%emt 0:00:55]} (29. Nf1 $17 {only move.}) 29... Nh2 {[%emt 0:06:24]} 30. Qd5+ {[%emt 0:00:58]} Kh8 {[%emt 0:01:09]} 31. Qxe5+ {[%emt 0:01:07]} ({White should play} 31. Bf2 $11) 31... Bg7 {[%emt 0:00:09]} 32. f6 $2 {[%emt 0:00:23]} ({White should try} 32. Qf4 $15 Nxf3+ 33. Qxf3) 32... Nxf3+ {[%emt 0:00:16]} 33. gxf3 {[%emt 0:00:02]} Rxf6 {[%emt 0:02:18]} 34. Bf2 {[%emt 0:02:26]} Qh3 {[%emt 0:01:23]} 35. Rf1 {[%emt 0:03:01]} Rxf3 {[%emt 0:00:21]} 36. Qg5 {[%emt 0:00:17]} Kh7 {[%emt 0:01:59]} 37. Ne4 {[%emt 0:02:14]} Rcf8 {[%emt 0:01:17]} 38. Qg2 {[%emt 0:00:18]} Qxg2+ {[%emt 0:00:36]} 39. Kxg2 {[%emt 0:00:07]} Bh3+ {[%emt 0:00:28]} 40. Kg1 {[%emt 0:00:00]} Bh6 {[%emt 0:00:00]} 41. Nd5 {[%emt 0:01:11]} Bxf1 {[%emt 0:12:22]} 42. Kxf1 {[%emt 0:00:04]} Rxf2+ {[%emt 0:06:15]} (42... R3f5 $142 43. Nc7 Re5) 43. Nxf2 {[%emt 0:00:22]} Rf5 {[%emt 0:00:12]} 44. Ne7 {[%emt 0:00:50]} Rf8 {[%emt 0:00:47]} 45. Ke2 {[%emt 0:00:25]} Kg7 {[%emt 0:05:27]} 46. Ne4 {[%emt 0:00:27]} h4 {[%emt 0:00:45]} 47. Nc6 {[%emt 0:02:25]} h3 {[%emt 0:00:34]} 48. d7 {[%emt 0:00:49]} h2 $19 {[%emt 0:00:08]} 0-1

[Event "Icelandic Open 2019"]
[Site "Akureyri"]
[Date "2019.05.28"]
[Round "5.11"]
[White "Hardarson, Petur Palmi"]
[Black "Barthel, Ansgar"]
[Result "1-0"]
[WhiteElo "1847"]
[BlackElo "2062"]
[Annotator "NA RC"]
[PlyCount "105"]
[EventDate "2019.05.25"]
[EventType "swiss"]
[EventCountry "ISL"]
[SourceTitle "playchess.com"]
[Source "ChessBase"]
[SourceQuality "1"]
[TimeControl "40/5400+30:1800+30"]

1. d4 {[%emt 0:00:00]} Nf6 {[%emt 0:00:00]} 2. c4 {[%emt 0:00:00]} g6 {[%emt 0:00:00]} 3. Nc3 {[%emt 0:00:00]} Bg7 {[%emt 0:00:00]} 4. Nf3 {[%emt 0:00:20]} O-O {[%emt 0:00:00]} 5. Bg5 {[%emt 0:00:22]} d6 {[%emt 0:01:01]} 6. e3 {[%emt 0:00:23]} Nbd7 {[%emt 0:00:45]} 7. Be2 {[%emt 0:01:02]} e5 {[%emt 0:05:11]} 8. O-O {[%emt 0:00:45]} h6 {[%emt 0:01:34]} 9. Bh4 {[%emt 0:00:24]} g5 {[%emt 0:03:07]} 10. Bg3 {[%emt 0:00:32]} Nh5 {[%emt 0:00:10] E61: King's Indian: Early deviations for White, including Smyslov System} 11. dxe5 {[%emt 0:04:09]} Nxg3 {[%emt 0:00:17]} 12. hxg3 {[%emt 0:00:11]} dxe5 {[%emt 0:00:33]} 13. Qc2 {[%emt 0:01:06]} f5 {[%emt 0:01:56]} 14. Rad1 {[%emt 0:02:23]} c6 {[%emt 0:00:38]} 15. b4 {[%emt 0:07:07]} Qe7 {[%emt 0:01:16] [#]} ({Predecessor:} 15... a5 16. a3 axb4 17. axb4 Qe7 {1-0 (55) Krejci,J (2503)-Stepan,M (2093) Nachod 2013}) 16. c5 $146 {[%emt 0:02:59]} (16. a3 e4 17. Nd4 Nf6 18. c5 {0-1 (33) Akobian,V (2665)-Matikozian,A (2548) Reno 2004}) 16... a5 {[%emt 0:23:28]} 17. a3 {[%emt 0:01:41]} axb4 {[%emt 0:01:56]} 18. axb4 {[%emt 0:00:55]} b6 {[%emt 0:01:01]} 19. cxb6 {[%emt 0:21:23]} Nxb6 {[%emt 0:00:10]} 20. b5 {[%emt 0:03:53]} cxb5 {[%emt 0:05:16]} 21. Nxb5 {[%emt 0:01:10]} Ba6 {[%emt 0:23:33]} 22. Qc6 {[%emt 0:14:12]} Rf6 {[%emt 0:04:45]} 23. Qc3 {[%emt 0:07:50]} Rc8 {[%emt 0:11:39]} 24. Qb2 {[%emt 0:06:13]} Bxb5 {[%emt 0:06:01]} 25. Bxb5 {[%emt 0:02:15]} Rd6 {[%emt 0:01:10]} 26. Rxd6 {[%emt 0:03:30]} Qxd6 {[%emt 0:00:06]} 27. Qb3+ {[%emt 0:00:50]} Kf8 {[%emt 0:02:41]} 28. Rd1 {[%emt 0:01:09]} Qc5 {[%emt 0:00:17]} 29. Bd7 {[%emt 0:03:53]} ({Better is} 29. Ba6 $18 Re8 30. Be2) 29... Qc2 {[%emt 0:04:40]} 30. Qxc2 {[%emt 0:04:20]} Rxc2 {[%emt 0:00:02]} 31. Bxf5 {[%emt 0:00:11]} Rb2 {[%emt 0:00:02]} 32. Nd2 {[%emt 0:02:45]} Ke7 {[%emt 0:00:21]} 33. Ne4 {[%emt 0:00:33]} Rb4 {[%emt 0:00:31]} 34. Ra1 {[%emt 0:01:58]} Na4 {[%emt 0:00:51]} 35. Rc1 {[%emt 0:00:43]} Rb7 {[%emt 0:00:35]} 36. Rc6 {[%emt 0:00:33]} Ra7 {[%emt 0:00:49]} 37. Re6+ {[%emt 0:01:30]} Kd8 {[%emt 0:00:17]} 38. Rd6+ {[%emt 0:03:14]} Ke7 {[%emt 0:00:16]} 39. Rg6 {[%emt 0:01:16]} Kf8 {[%emt 0:00:31]} 40. Re6 {[%emt 0:00:00]} Ra8 {[%emt 0:00:00]} 41. Bg6 {[%emt 0:05:03]} Kg8 {[%emt 0:06:07]} 42. Kh2 {[%emt 0:08:47]} Rc8 {[%emt 0:01:52]} 43. Nd6 {[%emt 0:02:55]} Rd8 {[%emt 0:11:22]} 44. Nf5 {[%emt 0:03:44]} Nc5 {[%emt 0:03:48]} 45. Re7 {[%emt 0:01:03]} Bf8 {[%emt 0:00:09]} 46. Rxe5 {[%emt 0:02:17]} Nd3 {[%emt 0:00:33]} 47. Ne7+ {[%emt 0:04:49]} Bxe7 {[%emt 0:01:23] [#]} 48. Bxd3 $1 {[%emt 0:00:39]} Bf6 {[%emt 0:02:13]} 49. Bc4+ {[%emt 0:00:29]} Kg7 $16 {[%emt 0:00:06]} 50. Rb5 {[%emt 0:00:57]} Rd2 {[%emt 0:02:16]} 51. Rb7+ {[%emt 0:01:35]} Kh8 {[%emt 0:04:15]} 52. f4 {[%emt 0:01:35]} h5 {[%emt 0:03:24]} 53. Rf7 {[%emt 0:01:24]} 1-0

[Event "Icelandic Open 2019"]
[Site "Akureyri"]
[Date "2019.05.28"]
[Round "5.12"]
[White "Ptacnikova, Lenka"]
[Black "Johannsson, Birkir Isak"]
[Result "1-0"]
[WhiteElo "2145"]
[BlackElo "1981"]
[Annotator "ChessBase"]
[PlyCount "45"]
[EventDate "2019.05.25"]
[EventType "swiss"]
[EventCountry "ISL"]
[SourceTitle "playchess.com"]
[Source "ChessBase"]
[SourceQuality "1"]
[TimeControl "40/5400+30:1800+30"]

1. e4 {[%emt 0:00:00]} c5 {[%emt 0:00:00]} 2. Nc3 {[%emt 0:00:00]} Nc6 {[%emt 0:00:04]} 3. Nge2 {[%emt 0:03:07]} Nf6 {[%emt 0:01:27]} 4. g3 {[%emt 0:01:13]} d6 {[%emt 0:00:51]} 5. Bg2 {[%emt 0:00:15]} g6 {[%emt 0:00:38]} 6. d4 {[%emt 0:01:09]} cxd4 {[%emt 0:02:01]} 7. Nxd4 {[%emt 0:01:29]} Bd7 {[%emt 0:00:16]} 8. Nde2 {[%emt 0:00:13]} Bg7 {[%emt 0:00:45]} 9. O-O {[%emt 0:01:24]} O-O {[%emt 0:00:23]} 10. h3 {[%emt 0:04:59]} Rc8 {[%emt 0:05:10]} 11. Bg5 {[%emt 0:01:50]} h6 {[%emt 0:03:11]} 12. Be3 {[%emt 0:02:10]} Qa5 {[%emt 0:02:46]} 13. Nd5 {[%emt 0:03:56]} Nxd5 {[%emt 0:15:38]} 14. exd5 {[%emt 0:02:52]} Nb8 {[%emt 0:00:18]} 15. Nd4 {[%emt 0:18:01]} b5 {[%emt 0:04:55]} 16. Re1 {[%emt 0:04:14]} Qd8 {[%emt 0:03:41]} 17. Qd2 {[%emt 0:01:29]} Kh7 {[%emt 0:01:03]} 18. c3 {[%emt 0:03:13]} a5 {[%emt 0:01:30]} 19. Bf1 {[%emt 0:04:51]} Qe8 {[%emt 0:00:37]} 20. Bf4 {[%emt 0:00:57]} Bxd4 {[%emt 0:07:55]} 21. Qxd4 {[%emt 0:00:20]} Qd8 {[%emt 0:00:23]} 22. Qe3 {[%emt 0:05:05]} g5 {[%emt 0:08:13]} 23. Bd3+ {[%emt 0:01:43]} 1-0

[Event "Icelandic Open 2019"]
[Site "Akureyri"]
[Date "2019.05.28"]
[Round "5.13"]
[White "Sigurdarson, Tomas Veigar"]
[Black "Bergsson, Stefan"]
[Result "0-1"]
[WhiteElo "1994"]
[BlackElo "2124"]
[Annotator "TA"]
[PlyCount "76"]
[EventDate "2019.05.25"]
[EventType "swiss"]
[EventCountry "ISL"]
[SourceTitle "playchess.com"]
[Source "ChessBase"]
[SourceQuality "1"]

{[%evp 12,76,20,-21,25,0,-4,-11,18,-52,-8,-8,0,-49,-50,-56,-51,-57,0,0,11,6,25,9,46,12,29,0,20,-16,-17,-17,-21,-24,0,0,0,0,10,-83,-87,-84,-85,-300,-308,-280,-294,-394,-381,-377,-378,-368,-373,-360,-370,-372,-362,-451,-333,-410,-410,-395,-387,-29988,-29989,-29989,-29990]} 1. e4 e5 2. Nf3 Nc6 3. Bc4 Bc5 4. c3 Nf6 5. d3 O-O 6. Nbd2 d5 7. Bb3 Bg4 {C54: Giuoco Piano: 4 c3 Nf6, main lines with 5 d4 and 5 d3} (7... Be6 8. Qe2 dxe4 9. dxe4 Qe7 10. O-O Bxb3 11. axb3 a6 12. b4 Ba7 13. Nc4 Qe6 14. Na5 Nxa5 15. Rxa5 {1-0 (54) Radjabov,T (2761)-Carlsen,M (2776) Nice 2009}) 8. Qe2 a5 9. a4 $146 ({Predecessor:} 9. Nf1 a4 10. Bc2 dxe4 11. dxe4 Nh5 12. h3 Be6 13. Nxe5 Nxe5 14. Qxh5 {1-0 (33) Carnicelli,V (1898)-Faccia,S (2078) Porto San Giorgio 2011}) 9... Re8 {The position is equal.} 10. Nf1 (10. h3 $11 Bh5 11. O-O) 10... Qd6 11. Ng3 Rad8 12. Bc2 (12. h3 $5 {[%cal Rh3g4]} dxe4 13. dxe4 $11) 12... Nh5 13. Nxh5 Bxh5 14. h3 Bxf3 (14... Ne7 $15) 15. Qxf3 $11 d4 16. O-O Qg6 17. Qg4 Qd6 18. Bg5 Rb8 19. Qh5 b5 20. Bb3 Rf8 $1 21. Rac1 dxc3 22. bxc3 b4 ({Much weaker is} 22... Qxd3 $6 23. Bd5 $16) 23. Bc4 bxc3 24. Rxc3 Rb2 25. Bc1 {[#]} (25. Rcc1 $11) 25... Rxf2 $1 $17 {[%mdl 64] Decoy} 26. Rxf2 Bxf2+ 27. Kxf2 $2 (27. Kh2 $17 {was worth a try.}) 27... Qd4+ $19 28. Be3 Qxc3 29. Bc5 Qd2+ 30. Kg1 Qc1+ 31. Kh2 Qf4+ 32. g3 Qd2+ 33. Kh1 g6 34. Qh4 {[#] intending Qf6.} Nd4 $1 35. Qf6 Qe1+ 36. Kg2 Qe2+ 37. Kh1 $2 {[#]} (37. Qf2 $19 Qxf2+ 38. Kxf2) 37... Nf3 $1 {[%csl Gf3][%cal Re2h2]} 38. Bg1 {[#]} Qf1 $1 {Accuracy: White = 33%, Black = 48%.} 0-1

[Event "Icelandic Open 2019"]
[Site "Akureyri"]
[Date "2019.05.28"]
[Round "5.14"]
[White "Briem, Benedikt"]
[Black "Gower, Sam"]
[Result "1-0"]
[WhiteElo "1811"]
[BlackElo "2069"]
[Annotator "NA RC"]
[PlyCount "93"]
[EventDate "2019.05.25"]
[EventType "swiss"]
[EventCountry "ISL"]
[SourceTitle "playchess.com"]
[Source "ChessBase"]
[SourceQuality "1"]
[TimeControl "40/5400+30:1800+30"]

1. d4 {[%emt 0:00:00]} Nf6 {[%emt 0:00:00]} 2. Nf3 {[%emt 0:00:00]} e6 {[%emt 0:00:00]} 3. Bf4 {[%emt 0:00:00]} c5 {[%emt 0:01:21]} 4. e3 {[%emt 0:01:04]} b6 {[%emt 0:02:28]} 5. Bd3 {[%emt 0:00:14]} Bb7 {[%emt 0:00:32]} 6. Nbd2 {[%emt 0:00:40]} cxd4 {[%emt 0:01:12]} 7. exd4 {[%emt 0:00:10]} Be7 {[%emt 0:01:54]} 8. c3 {[%emt 0:00:14]} d6 {[%emt 0:02:46] A47: 1 d4 Nf6 2 Nf3 b6: Torre, London and Colle Systems} 9. Qe2 {[%emt 0:01:53]} (9. O-O O-O 10. Re1 Nbd7 11. Nc4 Qc7 12. Ne3 Rfe8 13. h3 Bf8 14. a4 a6 15. Bh2 g6 16. Nd2 {1-0 (43) Aronian,L (2805)-Dervishi,E (2552) Riadh 2017}) 9... Nbd7 {[%emt 0:02:07]} 10. h3 {[%emt 0:01:09]} Qc7 {[%emt 0:01:06]} 11. O-O {[%emt 0:00:52]} O-O {[%emt 0:01:34]} 12. Ne4 {[%emt 0:03:52]} Nxe4 {[%emt 0:03:42]} 13. Bxe4 {[%emt 0:00:08]} Bxe4 {[%emt 0:00:08]} 14. Qxe4 {[%emt 0:00:05]} Nf6 {[%emt 0:00:24]} 15. Qd3 $146 {[%emt 0:00:35]} ({Predecessor:} 15. Qe2 Rfc8 16. Rfe1 a6 17. a4 Qc6 18. Ng5 Nd5 19. Qh5 Bxg5 20. Qxg5 {0-1 (90) Romero Lopez,M (2004)-Idrisov,T (2149) Logrono 2007}) 15... a6 {[%emt 0:04:44]} 16. Ng5 {[%emt 0:02:47]} h6 {[%emt 0:11:17]} 17. Ne4 {[%emt 0:00:28]} Nxe4 {[%emt 0:08:22]} 18. Qxe4 {[%emt 0:00:08]} b5 {[%emt 0:00:10]} 19. Rac1 {[%emt 0:02:39]} Rac8 {[%emt 0:01:33]} 20. Qd3 {[%emt 0:02:42]} e5 {[%emt 0:06:16]} 21. Be3 {[%emt 0:06:47]} f5 {[%emt 0:06:22]} 22. f3 {[%emt 0:06:15]} Qb7 {[%emt 0:13:50]} 23. dxe5 {[%emt 0:05:53]} dxe5 {[%emt 0:00:31]} 24. Rfd1 {[%emt 0:02:56]} Rcd8 {[%emt 0:10:19]} 25. Qc2 {[%emt 0:00:44]} Qc8 {[%emt 0:06:08]} 26. Rxd8 {[%emt 0:03:07]} Rxd8 {[%emt 0:00:15]} 27. Rd1 {[%emt 0:00:53]} Rxd1+ {[%emt 0:03:35]} 28. Qxd1 {[%emt 0:00:18]} Qc6 {[%emt 0:00:11]} 29. Qd3 {[%emt 0:05:02]} Bc5 {[%emt 0:03:14]} 30. Bxc5 {[%emt 0:03:15]} Qxc5+ {[%emt 0:00:06]} 31. Kf1 {[%emt 0:00:27]} Qc4 {[%emt 0:05:00]} 32. Qxc4+ {[%emt 0:01:58]} bxc4 {[%emt 0:00:07]} 33. b4 {[%emt 0:00:12]} cxb3 {[%emt 0:00:08]} 34. axb3 {[%emt 0:00:09]} Kf7 {[%emt 0:00:07] [#]} 35. b4 $1 {[%emt 0:04:36]} Ke6 {[%emt 0:00:57]} 36. c4 {[%emt 0:00:55]} e4 {[%emt 0:02:12]} 37. fxe4 {[%emt 0:00:32]} fxe4 {[%emt 0:00:08]} 38. Ke2 {[%emt 0:00:48]} Kf5 {[%emt 0:02:45]} 39. b5 {[%emt 0:05:49]} axb5 {[%emt 0:00:06]} 40. cxb5 {[%emt 0:00:00]} Ke6 {[%emt 0:00:00]} 41. b6 {[%emt 0:01:17]} Kd6 {[%emt 0:00:38]} 42. b7 {[%emt 0:00:49]} Kc7 {[%emt 0:00:07]} 43. Ke3 {[%emt 0:01:23]} Kxb7 {[%emt 0:00:06]} 44. Kxe4 {[%emt 0:00:13]} Kc6 {[%emt 0:02:00]} 45. Kf5 {[%emt 0:00:42]} Kd5 {[%emt 0:00:27]} 46. Kg6 {[%emt 0:01:41]} Ke5 {[%emt 0:01:08]} 47. Kxg7 {[%emt 0:01:05]} 1-0

[Event "Icelandic Open 2019"]
[Site "Akureyri"]
[Date "2019.05.28"]
[Round "5.15"]
[White "Collin, Jean-Philippe"]
[Black "Kristjansson, Olafur"]
[Result "0-1"]
[WhiteElo "1792"]
[BlackElo "2069"]
[Annotator "NA RC"]
[PlyCount "32"]
[EventDate "2019.05.25"]
[EventType "swiss"]
[EventCountry "ISL"]
[SourceTitle "playchess.com"]
[Source "ChessBase"]
[SourceQuality "1"]
[TimeControl "40/5400+30:1800+30"]

1. d4 {[%emt 0:00:00]} g6 {[%emt 0:00:00]} 2. Nf3 {[%emt 0:00:00]} Nf6 {[%emt 0:00:58]} 3. c4 {[%emt 0:00:10]} Bg7 {[%emt 0:00:07]} 4. Nc3 {[%emt 0:00:12]} O-O {[%emt 0:00:11]} 5. Bf4 {[%emt 0:01:23]} d5 {[%emt 0:04:53]} 6. e3 {[%emt 0:02:32]} c5 {[%emt 0:03:07]} 7. dxc5 {[%emt 0:05:08]} Qa5 {[%emt 0:01:41]} 8. Nd2 {[%emt 0:02:17]} dxc4 {[%emt 0:03:52]} 9. Bxc4 {[%emt 0:06:52]} Qxc5 {[%emt 0:00:50]} 10. Rc1 {[%emt 0:04:36]} Nc6 {[%emt 0:05:28]} 11. O-O {[%emt 0:10:47]} Rd8 {[%emt 0:11:28]} 12. Nb5 {[%emt 0:09:53]} Qb4 {[%emt 0:01:56]} 13. Rc2 {[%emt 0:00:33]} Bf5 {[%emt 0:01:20]} 14. a3 {[%emt 0:03:50]} Bxc2 {[%emt 0:00:48]} 15. axb4 {[%emt 0:05:11]} Bxd1 {[%emt 0:01:03]} 16. Rxd1 {[%emt 0:00:03]} Ne4 {[%emt 0:00:43]} 0-1

[Event "Icelandic Open 2019"]
[Site "Akureyri"]
[Date "2019.05.29"]
[Round "6.1"]
[White "Sokolov, Ivan"]
[Black "Gislason, Gudmundur"]
[Result "1-0"]
[WhiteElo "2593"]
[BlackElo "2288"]
[Annotator "TA"]
[PlyCount "85"]
[EventDate "2019.05.25"]
[EventType "swiss"]
[EventCountry "ISL"]
[SourceTitle "playchess.com"]
[Source "ChessBase"]
[SourceQuality "1"]

{[%evp 18,85,52,43,49,45,50,49,63,55,83,73,79,57,58,34,53,41,82,81,198,207,208,216,185,154,150,197,237,222,228,225,270,228,240,209,252,252,249,252,240,224,224,225,257,253,251,266,264,254,246,246,248,254,254,257,266,221,380,381,493,488,482,476,561,561,556,541,507,502]} 1. d4 Nf6 2. c4 g6 3. Nc3 d5 4. cxd5 Nxd5 5. e4 Nxc3 6. bxc3 Bg7 7. Nf3 O-O 8. Be2 c5 9. O-O Nc6 10. Be3 Qc7 {D85: Exchange Grünfeld: Unusual White 7th moves and lines with 7 Nf3} (10... Bg4 11. d5 Bxf3 12. Bxf3 Ne5 13. Be2 Nd7 14. Rb1 b6 15. Qc2 Qc7 16. f4 Bh6 17. Rbd1 Rae8 18. Bb5 Rd8 {1-0 (30) Carlsen,M (2801)-Hammer,J (2588) Oslo 2009}) 11. d5 Na5 12. Qd2 Rd8 $146 {White is slightly better.} ({Predecessor:} 12... e5 13. d6 Qc6 14. Rfd1 Be6 15. Ng5 Nc4 16. Bxc4 Bxc4 17. d7 Rfd8 18. Qd6 Qxd6 19. Rxd6 {1-0 (75) Sargac,R (2198)-Patarcic,D (2017) Bosnjaci 2009}) 13. Rad1 b6 14. Bf4 Qd7 15. Qc2 Qe8 16. Be5 Bd7 17. Bxg7 Ba4 18. Qc1 Bxd1 (18... Kxg7 $16 19. Rde1 f6) 19. Qh6 $1 $18 {White wants to mate with Ng5.} f6 {[#]} (19... Bxe2 20. Ng5 $1 {[%mdl 512]} Bxf1 21. Qxh7#) 20. Ng5 $1 (20. Rxd1 $6 Qf7 $14) 20... fxg5 21. Rxd1 Qf7 22. Be5 $40 {[%mdl 128] White has strong attack.} Rd6 23. Qxg5 (23. Bxd6 $6 exd6 24. Qxg5 Re8) 23... Rf8 24. f4 {[%mdl 1024] White has strong compensation.} Rf6 25. g3 Nb7 {[%cal Ba5b7,Bb7d6,Bd6c4][%mdl 32]} 26. Bg4 ({But not} 26. Bxf6 $6 exf6 27. Qg4 Nd6 $16) 26... Nd6 27. Qh6 {Black must now prevent Be6.} Qg7 28. Be6+ Kh8 29. Qxg7+ ({Don't play} 29. Bxf6 $6 exf6 30. Qxg7+ Kxg7) 29... Kxg7 30. g4 {aiming for g5.} Nc4 31. Bxf6+ ({Resist} 31. g5 $6 Nxe5 32. gxf6+ Kxf6 $16) 31... Rxf6 {[%mdl 4096] Endgame [#] KRB-KRN} 32. e5 $1 {[%cal Re5f6]} Rxf4 33. d6 Nxd6 34. exd6 exd6 {KRB-KR} 35. g5 h6 36. gxh6+ Kxh6 37. Rxd6 Rf6 $2 (37... Rf3 38. c4 Kg5) 38. Kg2 b5 39. Rc6 {White is clearly winning.} c4 40. Bd5 Rf5 41. Be4 Rg5+ 42. Kf3 a5 43. Ke3 {Accuracy: White = 86%, Black = 53%.} 1-0

[Event "Icelandic Open 2019"]
[Site "Akureyri"]
[Date "2019.05.29"]
[Round "6.2"]
[White "Kjartansson, Gudmundur"]
[Black "Stefansson, Hannes"]
[Result "1/2-1/2"]
[WhiteElo "2454"]
[BlackElo "2561"]
[Annotator "TA"]
[PlyCount "96"]
[EventDate "2019.05.25"]
[EventType "swiss"]
[EventCountry "ISL"]
[SourceTitle "playchess.com"]
[Source "ChessBase"]
[SourceQuality "1"]

{[%evp 11,96,-29,5,-21,-7,-14,35,33,43,17,21,25,60,20,14,18,28,22,26,26,23,22,22,0,27,32,32,29,36,23,33,29,22,18,24,26,31,12,26,9,15,0,31,28,25,22,42,52,53,26,34,20,40,36,74,27,25,24,26,22,38,20,20,20,90,20,20,20,54,0,16,0,48,12,12,12,12,12,20,0,0,0,0,0,0,0,0]} 1. d4 Nf6 2. c4 e6 3. Nc3 Bb4 4. f3 d5 5. a3 Bxc3+ 6. bxc3 c6 7. Bg5 {E20: Nimzo-Indian: 4 g3 and 4 f3} ({Predecessor:} 7. cxd5 cxd5 8. Bg5 Qa5 9. Qd2 {½-½ (47) Alexanian,N (2211)-Schuurman,P (2288) Kishinev 2005}) 7... Qa5 $146 (7... O-O 8. e3 Nbd7 9. cxd5 exd5 10. Bd3 Re8 11. Qd2 h6 12. Bh4 Qa5 13. Ne2 b6 14. g4 Ba6 {1-0 (48) Mamedyarov,S (2817)-Karjakin,S (2753) Kolkata 2018}) 8. Qd2 Nbd7 9. cxd5 {White is slightly better.} cxd5 10. e3 b6 11. c4 Qxd2+ 12. Kxd2 Ba6 13. cxd5 Bxf1 14. Rxf1 Nxd5 15. e4 Ne7 16. Rc1 f6 17. Be3 Kf7 18. Rc7 Rhd8 19. Ne2 Nc5 20. Kc2 Rd7 21. Rxd7 Nxd7 22. Nc3 Nc6 23. Rc1 a6 24. a4 Rc8 25. Kd3 Nb4+ 26. Kd2 Rc4 27. Na2 Rxc1 28. Nxc1 $11 {[%mdl 4096] Endgame KBN-KNN} Ke7 29. Kc3 Nc6 30. g4 Kd6 31. Nd3 g5 32. Bf2 Kc7 33. f4 gxf4 34. Nxf4 Kd6 35. Nd3 Ke7 36. h4 Kf7 37. h5 Ke7 {[#]} (37... b5 $11 {keeps the balance.}) 38. Bg1 (38. Nb4 $1 $16 {[%cal Rb4c6]} Ndb8 39. Nxc6+ Nxc6 40. Bg3) 38... Kf7 39. Be3 Ke7 40. Bg1 Kf7 41. Be3 Ke7 42. Ne1 e5 {The position is equal.} 43. d5 Nd8 44. Nf3 Nb7 45. Nd2 Nbc5 46. Kb4 {aiming for Bxc5+.} Nd3+ $1 47. Kc3 N3c5 $1 48. Kb4 {Threatens to win with Bxc5+.} Nd3+ $1 {Accuracy: White = 48%, Black = 60%.} 1/2-1/2